Central Library OPAC University of Rajshahi

The law of torts : (Record no. 85490)

MARC details
000 -LEADER
fixed length control field 00869nam a2200289 a 4500
001 - CONTROL NUMBER
control field 85490
003 - CONTROL NUMBER IDENTIFIER
rucl marc code BD-RjUL
005 - DATE AND TIME OF LATEST TRANSACTION
control field 20250810111832.0
008 - FIXED-LENGTH DATA ELEMENTS--GENERAL INFORMATION
fixed length control field 250810s1950 ii 000 0 eng
035 ## - SYSTEM CONTROL NUMBER
System control number (BD-RjUL)85490
040 ## - CATALOGING SOURCE
Original cataloging agency DLC
Transcribing agency TNJ-L
Modifying agency DLC
-- BD-RjUL
Language of cataloging eng
041 ## - LANGUAGE CODE
Language code of text/sound track or separate title eng
082 ## - DEWEY DECIMAL CLASSIFICATION NUMBER
Edition number 23
Classification number 346.4203
Author mark and year IYL 1950
100 1# - MAIN ENTRY--PERSONAL NAME
Personal name Ramaswamy Iyer, S.,
Dates associated with a name 1888-
9 (RLIN) 16538
245 14 - TITLE STATEMENT
Title The law of torts :
Remainder of title a treatise on the law of civil wrongs /
Statement of responsibility, etc. S. Ramaswamy Iyer.
250 ## - EDITION STATEMENT
Edition statement 4th ed.
260 ## - PUBLICATION, DISTRIBUTION, ETC. (IMPRINT)
Place of publication, distribution, etc. Calcutta :
Name of publisher, distributor, etc. Eastern Law House,
Date of publication, distribution, etc. 1950.
300 ## - PHYSICAL DESCRIPTION
Pagination lxvii, 704 p.
Size 23 cm.
336 ## - CONTENT TYPE
Content type term text
Content type code txt
Source rdacontent
337 ## - MEDIA TYPE
Media type term unmediated
Media type code n
Source rdamedia
338 ## - CARRIER TYPE
Carrier type term volume
Carrier type code nc
Source rdacarrier
504 ## - BIBLIOGRAPHY, ETC. NOTE
Bibliography, etc Bibliography: p.[xi]-xiii.
650 #0 - SUBJECT ADDED ENTRY--TOPICAL TERM
Topical term or geographic name as entry element Torts
Geographic subdivision Great Britain.
9 (RLIN) 16539
Topical term or geographic name as entry element Torts
Geographic subdivision India.
9 (RLIN) 16540
942 ## - ADDED ENTRY ELEMENTS (KOHA)
Source of classification or shelving scheme Dewey Decimal Classification
Koha item type Books
Holdings
Lost status Source of classification or shelving scheme Damaged status Not for loan Collection code Permanent Location Current Location Shelving location Date acquired Total Checkouts Full call number Date last seen Copy number Koha item type
  Dewey Decimal Classification   Not For Loan Non-fiction Central Library, University of Rajshahi Central Library, University of Rajshahi Reading Room 10/08/2025   346.4203 IYL 1950 10/08/2025 C-1 Books